Statistiques concernant Joueurs de football à deviner

Cliquez ici pour prendre le quiz!

Statistiques générales

  • Ce quiz a été pris 240 fois
  • Le résultat moyen est 17 sur 40

Statistiques - réponses

DescriptionsJoueurs% Correct
Joueur portugais associé au chiffre n°7, je suis le meilleur buteur de l'histoire des sélections ainsi que le meilleur buteur de l'histoire du Real Madrid avec 450 buts en 438 matchs.Cristiano Ronaldo
100%
Je signe mon premier contrat professionnel avec le FC Barcelone en 2004, club que je ne quitte qu'en 2021. Après de nombreux déboires avec le maillot de l'Argentine, je remporte finalement la Copa América en 2021 et la Coupe du monde en 2022.Lionel Messi
100%
Surnommé "Le Roi", je suis le seul joueur à avoir remporté trois fois la Coupe du monde avec mon pays le Brésil en 1958, 1962 et 1970. Je reste aussi connu pour avoir porté le maillot de Santos du milieu des années 1950 jusqu'au milieu des années 1970.Pelé
100%
Ayant marqué un doublé lors de la finale de la Coupe du monde 1998, j'ai aussi porté le maillot du Real Madrid entre 2001 à 2006 avec lequel j'ai soulevé la Ligue des champions 2002 contre le Bayer Leverkusen.Zinédine Zidane
98%
Titulaire indiscutable des Invincibles d'Arsenal de 2003-2004, j'ai aussi remporté la Coupe du monde 1998 avec la France ainsi que la Ligue des champions avec le FC Barcelone en 2009.Thierry Henry
97%
Attaquant suédois, je prends ma retraite sportive à l'âge de 41 ans après avoir été au sein d'effectifs européens comme ceux de l'Ajax, de la Juventus de Turin, de l'Inter Milan, du FC Barcelone, de l'AC Milan, du Paris Saint-Germain ou encore de Manchester United.Zlatan Ibrahimovic
97%
Reconnu pour mon talent dans l'exercice des coup-francs, ma carrière me permet de remporter sept fois le championnat de France avec l'Olympique lyonnais dans les années 2000. Mes bonnes performances en club me permettent de participer à la Coupe du monde 2006 en Allemagne.Juninho
89%
Ballon d'Or 2004 lorsque je suis sous les couleurs de l'AC Milan, je suis aussi le meilleur buteur de la sélection ukrainienne avec 48 unités à mon compteur.Andriy Chevtchenko
79%
Ayant révolutionné le poste de gardien de but, mes gants ne défendent les cages que du Dynamo Moscou et de l'Union soviétique. Je suis le seul gardien ayant remporté le Ballon d'Or en 1963.Lev Yachine
77%
Seul défenseur ayant remporté deux fois le Ballon d'Or en 1972 et 1976, je suis aussi le capitaine emblématique de la RFA qui remporte l'Euro en 1972 et la Coupe du monde en 1974.Franz Beckenbauer
73%
Ballon d'Or 1970, triple vainqueur de la Coupe des clubs champions en 1974, 1975 et 1976, j'ai aussi gagné la Coupe du monde 1974 avec la RFA. Durant toute ma carrière, j'ai marqué 608 buts en 685 matchs.Gerd Müller
72%
Lors de la saison 2008-2009 de Premier League, j'ai un record d'invincibilité de 1311 minutes avec Manchester United. J'ai aussi participé à cinq finales de Ligue des champions dont trois avec le club mancunien et deux avec l'Ajax.Edwin Van der Sar
62%
Attaquant dynamique surnommé "El Tigre", je suis vainqueur durant ma carrière du championnat argentin en 2008, portugais en 2011, espagnol en 2013 et français en 2017.Radamel Falcao
58%
Facilement reconnaissable grâce à ma paire de lunettes, je participe à quatre finales de Ligue des champions soit avec l'Ajax soit avec la Juventus de Turin dans les années 1990-2000.Edgar Davids
53%
Milieu de terrain formé à l'AS Rome et ayant disputé 616 matchs dans ce même club, je suis vice-champion de la Serie A en 2002, 2004, 2006, 2007, 2008, 2010, 2014, 2015 et 2017.Daniele De Rossi
51%
Joueur algérien, je remporte la Coupe des clubs champions avec le FC Porto en 1987, match dans lequel je m'illustre en marquant un but d'une talonnade qui porte désormais mon nom.Rabah Madjer
49%
Autre nom donné au stade de San Siro, je suis avant tout un joueur italien ayant remporté deux Coupes du monde en 1934 et 1938 et trois championnats italiens avec l'Inter Milan.Giuseppe Meazza
42%
Gardien colombien, je passe la plus grande partie de mon carrière dans les clubs de mon pays. Je suis surtout connu pour mes prises de risques comme un arrêt en coup du scorpion avec la Colombie contre l'Angleterre en match amical en 1995.René Higuita
34%
Défenseur international brésilien ayant évolué à Manchester United entre 2008 et 2015, j'ai aussi la particularité d'avoir un frère jumeau qui évolue lui aussi au haut-niveau dans le monde du football.Rafael
33%
Ailier néerlandais polyvalent, je joue lors de la finale de la Coupe du monde 2010 que je perds. Je participe aussi à la finale de la Ligue des champions 2007 avec Liverpool que je perds aussi malgré mon but à la 89ème minute.Dirk Kuyt
30%
Double passeur décisif en finale de Ligue des champions 2006, je permets au FC Barcelone de décroché son deuxième trophée dans cette compétition. Après ce sacre, je retourne jouer à Helsingborgs en Suède.Henrik Larsson
29%
Arrière latéral brésilien, ma carrière professionnelle débute en 1963 et se termine en 1982. Je remporte la finale de la Coupe du monde 1970 avec le Brésil en tant que capitaine de la sélection.Carlos Alberto
25%
Je remporte la Coupe du monde en 1982 dans laquelle je suis le meilleur buteur avec six buts. Cette même saison je gagne aussi le championnat italien avec la Juventus de Turin. Toutes ces réussites me permettent d'obtenir le Ballon d'Or la même année.Paolo Rossi
24%
Ma taille d'1m97 est un atout important dans ma carrière de défenseur central. D'origine belge, je joue à partir de 2001 à l'Olympique de Marseille. Je m'installe ensuite en 2004 en Allemagne à Hambourg puis au Bayern Munich .Daniel Van Buyten
22%
Sur ordre de mon sélectionneur, je suis obligé de couper mes cheveux bouclés en 1994. La majeure partie de ma carrière se déroule à la Fiorentina en Italie, bien que je remporte ma première Serie A avec l'AS Rome en 2001 après avoir quitté la Fiorentina.Gabriel Batistuta
21%
Gaucher anglais né en 1960, je suis trois fois champions de France avec l'Olympique de Marseille en 1990, 1991 et 1992. En équipe nationale, je rate mon tir au but contre l'Allemagne en demi-finale de la Coupe du monde 1990.Chris Waddle
20%
Pouvant évoluer comme arrière droit ou milieu droit, je suis un joueur suisse qui a joué plus de cent matchs avec Lille et la Lazio et plus de deux cents matchs avec la Juventus de Turin.Stephan Lichtsteiner
20%
Surnommé "Le Sorcier du dribble", je remporte le premier Ballon d'Or de l'histoire du football en 1956 à l'âge de 41 ans. Je n'ai porté les maillots que de Stoke City et de Blackpool.Stanley Matthews
17%
Footballeur professionnel tahitien, je développe principalement mon football dans le championnat français de la fin des années 1990 au début des années 2010 que ce soit à Nantes, Nice, Lorient, Nancy ou Monaco.Maramma Vahirua
15%
Droitier offensif d'1m80 pour 110 kilos, je navigue la plupart de ma carrière dans les divisions anglaises inférieures. Mon physique impressionnant me permet de marquer 233 buts en 794 matchs entre 2001 et 2022.Adebayo Akinfenwa
11%
Champion de France en 2003, 2005 et 2011 et vainqueur de la Coupe de France en 2011, je n'évolue qu'au sein des formations de mon pays que ce soit l'Olympique lyonnais, Toulouse, Nice, Lille et Dijon.Florent Balmont
11%
Défenseur formé à Montpellier, je commence ma carrière professionnelle à Toulouse en 1992. Je remporte la Coupe du monde 1998 bien que je ne participe qu'à un seul match contre le Danemark.Vincent Candela
9%
Finaliste de la Ligue Europa en 2015 avec le Dnipro, je quitte ensuite le club pour jouer comme ailier dans des clubs comme Séville ou Schalke 04.Yevhen Konoplyanka
9%
Joueur international norvégien de 1997 à 2012, je porte notamment les maillots de Valence entre 2000 et 2004 et d'Aston Villa entre 2007 et 2011.John Carew
7%
Surnommé « King Kazu », ma carrière impressionnante de longévité qui débute en 1986 me permet de jouer aux quatre coins du monde au Brésil, en Italie, en Croatie, en Australie ou dans mon pays au Japon.Kazuyoshi Miura
7%
Latéral gauche à Séville, je joue mon premier match avec la sélection espagnole en 2006. Ma carrière s'arrête brutalement lorsque je décède sur le terrain en 2007 lors d'une rencontre contre Getafe.Antonio Puerta
6%
Joueur français, j'évolue la plupart de ma carrière en France à Rennes, Lorient, Bordeaux, Valenciennes ou Nantes. Je remporte notamment la finale de la Coupe de France 2002 lors de laquelle je marque le but de la victoire.Jean-Claude Darcheville
6%
Meilleur buteur de la Coupe des clubs champions en 1968-1969 avec le club de Manchester United, je remporte avec ce même club deux championnats, une FA Cup et une Coupe des clubs champions.Denis Law
3%
Footballeur austro-hongrois puis autrichien, je fais les beaux jours de l'Austria Vienne avec lequel je marque 600 buts en 703 matchs. Je refuse de porter le maillot du Troisième Reich et meurt, probablement assassiné, à l'âge de 35 ans.Matthias Sindelar
2%
Joueur ivoirien né en 1947, ma carrière en club se déroule soit en Côte d'Ivoire soit en France. Je termine meilleur buteur de la Coupe d'Afrique des nations en 1968 et 1970 avec six puis huit buts.Laurent Pokou
0%

Distribution des résultats

Percentile par nombre de réponses

% des personnes avec chaque résultat

Votre développement - résultats

Vous n’avez pas pris ce quiz